000 00388pab a2200145 454500
008 180718b2017 xxu||||| |||| 00| 0 eng d
100 _aSergeeva, Natalya
245 _aLabeling projects as innovative: a social identity theory
260 _c2017
300 _ap.51-64.
362 _aFeb-Mar
650 _aProject management
773 _aProject Management Journal
909 _a114527
999 _c114521
_d114521